00986cam a2200301 a 4500001000500000005001700005020001800022020002700040040002300067050002400090082001200114100002400126245008400150250001200234260003700246300004000283490002500323500002400348500002900372505000800401520013500409521002000544521002000564650002600584650002000610650002300630700003100653144320230908150257.0 a9780375830327 a0375930310 (lib. bdg.) aDLCcDLCdDLCbeng00aPZ7.O81167bSe 200500aFic2221 aOsborne, Mary Pope.10aSeason of the sandstorms /cby Mary Pope Osborne ; illustrated by Sal Murdocca. a1st ed. aNew York :bRandom House,c2005. a106 pages :billustrations ;c20 cm aMagic Tree Housev34 a"A Merlin mission." a"A Stepping Stone book." aN  aGuided by a magic rhyme, Jack and Annie travel to ancient Baghdad on a mission to help the Caliph disseminate wisdom to the world. a580 bLexile  aN bRaz-Plus  1aTime travelvFiction. 1aMagicvFiction. 1aSiblingsvFiction.1 aMurdocca, Saleillustrator